header

Communications server for z/OS V1R2 TCP/IP implementation guide (Record no. 211155)

MARC details
000 -LEADER
fixed length control field 01695nam a22004094a 4500
245 00 - TITLE STATEMENT
Title Communications server for z/OS V1R2 TCP/IP implementation guide
250 ## - EDITION STATEMENT
Edition statement 1st ed.
260 ## - PUBLICATION, DISTRIBUTION, ETC. (IMPRINT)
Place of publication Research Triangle Park, NC :
Name of publisher IBM Corp.,
Year of publication <2002->
300 ## - PHYSICAL DESCRIPTION
Number of Pages v. <4-7 > :
Other physical details ill.
490 1# - SERIES STATEMENT
Series statement IBM redbooks
505 1# - FORMATTED CONTENTS NOTE
Formatted contents note v. 4. Connectivity and routing -- v. 5. Availability, scalability, and performance -- v. 6. Policy and network management -- v. 7. Security
650 #0 - SUBJECT ADDED ENTRY--TOPICAL TERM
Topical Term Client/server computing.
Topical Term Communications software.
Topical Term TCP/IP (Computer network protocol)
700 1# - ADDED ENTRY--PERSONAL NAME
Personal name Rodriguez, Adolfo.
856 40 - ELECTRONIC LOCATION AND ACCESS
Uniform Resource Identifier http://site.ebrary.com/lib/rucke/Doc?id=10112677

No items available.

© 2026 Rongo University
Contact us: librarian | system librarian | Rongo university